000 00456nam a2200181Ia 4500
008 151121s9999||||xx |||||||||||||| ||und||
082 _a812/ काळे
082 _bHNW-34770
100 _aकाळे विमल
245 _aमृगजळ
260 _c--
300 _a54
600 _aकाळे विमल
630 _aमृगजळ
700 _aकाळे विमल
730 _aमृगजळ
942 _cBOOK
999 _c1227582
_d1227579